Electrodynamics of Continuous Media Second Edition (Record no. 30071)

000 -LEADER
fixed length control field 00513 a2200133 4500
020 ## - INTERNATIONAL STANDARD BOOK NUMBER
International Standard Book Number 7506242621
022 ## - INTERNATIONAL STANDARD SERIAL NUMBER
International Standard Serial Number 7506242621
082 ## - DEWEY DECIMAL CLASSIFICATION NUMBER
Classification number 537.6
090 ## - LOCALLY ASSIGNED LC-TYPE CALL NUMBER (OCLC); LOCAL CALL NUMBER (RLIN)
-- 1460
-- 1460
100 ## - MAIN ENTRY--PERSONAL NAME
Personal name Landau, L. D.
245 ## - TITLE STATEMENT
Title Electrodynamics of Continuous Media Second Edition
Remainder of title Course of Theoretical Physics Volume 8
Statement of responsibility, etc. L. D. Landau, E. M. Lifshitz and L. P. Pitaevskii
942 ## - ADDED ENTRY ELEMENTS (KOHA)
Institution code [OBSOLETE] SNS
Koha item type Book
Call number prefix 537.6 LAN
Holdings
Withdrawn status Lost status Damaged status Not for loan Permanent Location Current Location Date acquired Total Checkouts Full call number Barcode Date last seen Price effective from Koha item type
        School of Natural Sciences (SNS) School of Natural Sciences (SNS) 05/26/2016   537.6 LAN SNS0000153 05/26/2016 05/26/2016 Book
© 2023 Central Library, National University of Sciences and Technology. All Rights Reserved.